[Event "International Tournament "]
[Site "Paracin, Hotel "]
[Date "2017.07.11"]
[Round "5.27"]
[White "Martic, Ivan"]
[Black "Matovic, Mihajlo Z"]
[Result "0-1"]
[WhiteElo "2356"]
[BlackElo "2266"]
[PlyCount "58"]
[EventDate "2017.07.07"]

1. e4 c5 2. Nf3 d6 3. d4 Nf6 4. Nc3 cxd4 5. Nxd4 a6 6. Bg5 e6 7. f4 Be7 8. Qf3
Qc7 9. O-O-O Nbd7 10. g4 b5 11. Bxf6 Nxf6 12. g5 Nd7 13. f5 Nc5 14. Rg1 b4 15.
Nce2 Bb7 16. Ng3 Bxg5+ 17. Kb1 O-O-O 18. Bh3 Rhe8 19. fxe6 fxe6 20. Qg4 Bf6 21.
Nh5 Kb8 22. Nxf6 gxf6 23. Rge1 Bxe4 24. Qh4 f5 25. Qh6 Rc8 26. Rg1 b3 27. axb3
Nxb3 28. Nxb3 Bxc2+ 29. Ka2 Qc4 0-1

[Event "International Tournament "]
[Site "Paracin, Hotel "]
[Date "2017.07.11"]
[Round "5.28"]
[White "Pecurica, Milos"]
[Black "Dimic, Pavle"]
[Result "0-1"]
[WhiteElo "2255"]
[BlackElo "2351"]
[PlyCount "60"]
[EventDate "2017.07.07"]

1. d4 Nf6 2. c4 g6 3. Nc3 Bg7 4. e4 d6 5. Nf3 O-O 6. Be2 e5 7. O-O Nc6 8. dxe5
Nxe5 9. Bf4 Ned7 10. Qd2 Re8 11. Bg5 Nc5 12. e5 Nfe4 13. Nxe4 Nxe4 14. Bxd8
Nxd2 15. Nxd2 Rxd8 16. exd6 Bxb2 17. Rab1 Ba3 18. Ne4 Bxd6 19. Bf3 Be7 20. Rfe1
Kf8 21. g4 h6 22. Kg2 Rd4 23. Nc3 Rxc4 24. Nd5 Bg5 25. Rh1 Bxg4 26. Rxb7 Bxf3+
27. Kxf3 Rd8 28. Nxc7 Rd3+ 29. Ke2 Rd2+ 30. Kf3 Rf4+ 0-1

[Event "International Tournament "]
[Site "Paracin, Hotel "]
[Date "2017.07.11"]
[Round "5.29"]
[White "Tanriverdi, Enes"]
[Black "Stathopoulos, Ioannis"]
[Result "0-1"]
[WhiteElo "2203"]
[BlackElo "2343"]
[PlyCount "110"]
[EventDate "2017.07.07"]

1. d4 Nf6 2. c4 g6 3. Nc3 Bg7 4. e4 d6 5. Nf3 O-O 6. Be2 e5 7. d5 a5 8. Bg5 Na6
9. Nd2 Bd7 10. g4 Kh8 11. h4 Qc8 12. h5 Nxg4 13. Rh4 gxh5 14. Nf1 f6 15. Bd2 f5
16. Ng3 f4 17. Nxh5 Nf6 18. Nxg7 Kxg7 19. Bd3 Rg8 20. Qe2 Kh8 21. O-O-O Nc5 22.
f3 Rg6 23. Bc2 Qg8 24. Rh2 Rg1 25. Qf2 Rxd1+ 26. Kxd1 Qg3 27. Ne2 Qxf2 28. Rxf2
b5 29. cxb5 Bxb5 30. Bc3 Kg7 31. Kd2 Kf7 32. b3 h5 33. a4 Bd7 34. Rg2 c6 35.
dxc6 Bxc6 36. Nc1 Ke6 37. Re2 h4 38. Rh2 d5 39. exd5+ Bxd5 40. Ke2 Rc8 41. Ba1
Nxb3 42. Bxb3 Rxc1 43. Bb2 Rb1 44. Bxd5+ Nxd5 45. Kd3 Nb6 46. Kc2 Rf1 47. Rxh4
Nxa4 48. Bxe5 Kxe5 49. Rh5+ Kd4 50. Rxa5 Rf2+ 51. Kc1 Nc5 52. Ra3 Nd3+ 53. Kd1
Ke3 54. Ra2 Rf1+ 55. Kc2 Nb4+ 0-1

[Event "International Tournament "]
[Site "Paracin, Hotel "]
[Date "2017.07.11"]
[Round "5.30"]
[White "Jovanovic, Sasa T"]
[Black "Becker, Marcel"]
[Result "0-1"]
[WhiteElo "2193"]
[BlackElo "2339"]
[PlyCount "82"]
[EventDate "2017.07.07"]

1. d4 d5 2. c4 c6 3. Nc3 Nf6 4. e3 g6 5. Nf3 Bg7 6. Bd3 O-O 7. O-O Bg4 8. h3
Bxf3 9. Qxf3 e6 10. cxd5 exd5 11. b3 Nbd7 12. Bb2 Re8 13. Rfd1 Nf8 14. b4 a6
15. a4 b5 16. e4 dxe4 17. Nxe4 Nd5 18. axb5 axb5 19. Rxa8 Qxa8 20. Ra1 Qb8 21.
g3 Ne6 22. Rc1 Bxd4 23. Rxc6 Bxb2 24. Nd6 Nf6 25. Nxe8 Nxe8 26. Ra6 N8c7 27.
Ra5 Qf8 28. Qe4 Bd4 29. Qe1 Qd6 30. Kh2 Bxf2 31. Qxf2 Qxd3 32. Ra7 Qc3 33. Rb7
Kg7 34. Qe2 h5 35. Qe4 Ng5 36. Qe2 Nce6 37. h4 Nf3+ 38. Kg2 Nxh4+ 39. Kh2 Nf3+
40. Kg2 Ned4 41. Qa2 Ng5 0-1

[Event "International Tournament "]
[Site "Paracin, Hotel "]
[Date "2017.07.11"]
[Round "5.31"]
[White "Tica, Sven"]
[Black "Milosevic, Milos"]
[Result "1/2-1/2"]
[WhiteElo "2333"]
[BlackElo "2263"]
[PlyCount "65"]
[EventDate "2017.07.07"]

1. d4 Nf6 2. c4 c5 3. d5 b5 4. cxb5 a6 5. e3 g6 6. Nc3 Bg7 7. Nf3 O-O 8. e4 e6
9. e5 Nxd5 10. Nxd5 exd5 11. Qxd5 Qb6 12. Be3 Bb7 13. Qxc5 Qxc5 14. Bxc5 Re8
15. Be2 axb5 16. O-O Nc6 17. Rfd1 Nxe5 18. Nxe5 Rxe5 19. Be3 Bc6 20. a3 Re6 21.
Rab1 Ra4 22. Rd2 f5 23. Kf1 Be5 24. h3 Rd6 25. Rbd1 Re6 26. Re1 Kg7 27. Rb1 Ra6
28. Bc5 Bf4 29. Rc2 Bd5 30. Kg1 Rac6 31. Bd4+ Kf7 32. Bc3 Bd6 33. Re1 1/2-1/2

[Event "International Tournament "]
[Site "Paracin, Hotel "]
[Date "2017.07.11"]
[Round "5.32"]
[White "Grujic, Nebojsa"]
[Black "Marjanovic, Annamaria"]
[Result "0-1"]
[WhiteElo "2152"]
[BlackElo "2331"]
[PlyCount "62"]
[EventDate "2017.07.07"]

1. d4 d5 2. Nf3 Nf6 3. Bf4 c5 4. e3 Nc6 5. c3 Qb6 6. Qb3 c4 7. Qxb6 axb6 8. Na3
Bf5 9. Nh4 Bd7 10. Nb5 Ra5 11. a4 h6 12. Bc7 Ra6 13. Bg3 Kd8 14. Be2 Ne4 15.
Bc7+ Kc8 16. f3 Nf6 17. g4 Na7 18. Nxa7+ Kxc7 19. Nb5+ Bxb5 20. b3 e6 21. Kf2
Bc6 22. bxc4 dxc4 23. Bxc4 Rxa4 24. Rxa4 Bxa4 25. Ra1 Bc6 26. Ng2 Be7 27. h3
Nd5 28. Rc1 Ra8 29. e4 Bg5 30. exd5 Bxc1 31. dxc6 bxc6 0-1

[Event "International Tournament "]
[Site "Paracin, Hotel "]
[Date "2017.07.11"]
[Round "5.33"]
[White "Ersahin, Bulent"]
[Black "Tosic, Srecko"]
[Result "1-0"]
[WhiteElo "2145"]
[BlackElo "2326"]
[PlyCount "101"]
[EventDate "2017.07.07"]

1. e4 c5 2. Nf3 a6 3. Nc3 e6 4. d4 cxd4 5. Nxd4 Ne7 6. g3 Nbc6 7. Nb3 b5 8. Bg2
Bb7 9. O-O Ng6 10. Re1 d6 11. f4 Be7 12. Be3 Qc7 13. Qd2 O-O 14. a4 b4 15. Na2
a5 16. c3 bxc3 17. Nxc3 Nb4 18. Rec1 Qd8 19. Nb5 d5 20. e5 Bc6 21. N3d4 Bd7 22.
h4 Rb8 23. h5 Nh8 24. Bh3 Rb7 25. Rc3 h6 26. Rf1 Qb8 27. Qe2 Re8 28. Kh2 Na2
29. Rc2 Nb4 30. Rcc1 f6 31. Nxe6 fxe5 32. Nbc7 Bf6 33. Nxe8 Qxe8 34. fxe5 Bxe6
35. Bxe6+ Qxe6 36. exf6 gxf6 37. Qd2 Nf7 38. Qc3 Ne5 39. Qc8+ Qxc8 40. Rxc8+
Kg7 41. Bd4 Nbd3 42. Kh3 Kf7 43. Rh8 Kg7 44. Rd8 Nd7 45. Rd1 N3e5 46. Bxe5 Nxe5
47. R1xd5 Rxb2 48. Rxa5 Kf7 49. Rd6 Ke7 50. Raa6 Rf2 51. Rdb6 1-0

[Event "International Tournament "]
[Site "Paracin, Hotel "]
[Date "2017.07.11"]
[Round "5.34"]
[White "Burovic, Rijad"]
[Black "Eric, Jovana"]
[Result "1-0"]
[WhiteElo "2316"]
[BlackElo "2262"]
[PlyCount "113"]
[EventDate "2017.07.07"]

1. e4 c5 2. d3 Nc6 3. f4 g6 4. Nf3 Bg7 5. g3 d6 6. Bg2 e5 7. Nc3 Nge7 8. O-O
O-O 9. f5 gxf5 10. Nh4 fxe4 11. dxe4 Be6 12. Nf5 Bxf5 13. exf5 f6 14. Nd5 Kh8
15. g4 Qd7 16. h4 Rae8 17. c3 Nxd5 18. Bxd5 e4 19. Re1 Re7 20. Rxe4 Rxe4 21.
Bxe4 Qe7 22. Bg2 Qe5 23. Bd2 Qg3 24. Be1 Qf4 25. Bd2 Qg3 26. Be1 Qf4 27. Qf3
Qxf3 28. Bxf3 Ne5 29. Kg2 Bh6 30. Bg3 Re8 31. Re1 Kg8 32. c4 Kf8 33. b3 b6 34.
Bd5 Re7 35. Be6 Rg7 36. Kh3 Ke7 37. Rd1 Nxg4 38. Bxd6+ Ke8 39. Bg3 Bf4 40. Rd7
Nf2+ 41. Bxf2 Rxd7 42. Bxd7+ Kxd7 43. Kg4 Be5 44. Be3 Kc6 45. Kh5 Bg3 46. Kh6
Bxh4 47. Kxh7 a6 48. Kg6 Kd7 49. a4 a5 50. Bf4 Kc6 51. Kf7 Kd7 52. Bd2 Bg5 53.
Bc3 Be3 54. Bxf6 Bd4 55. Bg5 Kd6 56. f6 Ke5 57. Kg8 1-0

[Event "International Tournament "]
[Site "Paracin, Hotel "]
[Date "2017.07.11"]
[Round "5.35"]
[White "Franklin, Samuel G A"]
[Black "Budimir, Boris"]
[Result "1-0"]
[WhiteElo "2312"]
[BlackElo "2233"]
[PlyCount "69"]
[EventDate "2017.07.07"]

1. e4 c5 2. Nf3 e6 3. d4 cxd4 4. Nxd4 Nc6 5. Nc3 Qc7 6. Be3 a6 7. Qd2 Nf6 8.
O-O-O Be7 9. f3 b5 10. Nxc6 dxc6 11. g4 O-O 12. h4 Rd8 13. Bd3 c5 14. Qf2 c4
15. Be2 Rxd1+ 16. Rxd1 b4 17. Na4 b3 18. a3 e5 19. Nb6 Rb8 20. g5 bxc2 21. Kxc2
Ne8 22. Nd5 Qb7 23. Nxe7+ Qxe7 24. Bxc4 Be6 25. Bxe6 Qxe6 26. Kb1 Qb3 27. Qe2
g6 28. Rd3 Qc4 29. Qc2 Qe6 30. Qd1 Kg7 31. Rd5 Nc7 32. Rxe5 Nb5 33. Rxe6 Nc3+
34. Kc2 Nxd1 35. Bd4+ 1-0

[Event "International Tournament "]
[Site "Paracin, Hotel "]
[Date "2017.07.11"]
[Round "5.37"]
[White "Raykov, Stefan"]
[Black "Rajkovic, Mladen"]
[Result "0-1"]
[WhiteElo "2103"]
[BlackElo "2305"]
[PlyCount "98"]
[EventDate "2017.07.07"]

1. e4 e5 2. Nf3 Nc6 3. d4 exd4 4. Nxd4 Nf6 5. Nxc6 bxc6 6. Bd3 d5 7. e5 Ng4 8.
O-O Bc5 9. Bf4 g5 10. Bg3 h5 11. Be2 Be6 12. Nd2 h4 13. Bxg4 hxg3 14. hxg3 Qd7
15. Nb3 Bb6 16. Bxe6 Qxe6 17. Nd4 Qh6 18. f3 Qh2+ 19. Kf2 Rh3 20. Rg1 Qxg3+ 21.
Kf1 Rh4 22. c3 O-O-O 23. Qa4 Qxe5 24. Re1 Qf6 25. Qa6+ Kd7 26. Nb3 g4 27. Nd2
Rdh8 28. Qd3 gxf3 29. Nxf3 Bxg1 30. Kxg1 Rh1+ 31. Kf2 Rxe1 32. Kxe1 Qf4 33. Kf2
Rg8 34. Qe2 f6 35. Qc2 Re8 36. Qd3 Re4 37. b3 Qc1 38. c4 Qb2+ 39. Kg3 Qe2 40.
Qc3 d4 41. Qa5 d3 42. Qf5+ Re6 43. Qh7+ Kc8 44. Qg8+ Kb7 45. Qf8 Rd6 46. c5 Rd7
47. Qxf6 d2 48. Ne5 Qxe5+ 49. Qxe5 d1=Q 0-1

[Event "International Tournament "]
[Site "Paracin, Hotel "]
[Date "2017.07.11"]
[Round "5.38"]
[White "Ivic, Matija"]
[Black "Dimitrijevic, Nenad"]
[Result "1-0"]
[WhiteElo "2297"]
[BlackElo "2201"]
[PlyCount "71"]
[EventDate "2017.07.07"]

1. d4 Nf6 2. c4 g6 3. Nc3 Bg7 4. e4 d6 5. Bg5 c5 6. d5 Qa5 7. f3 h6 8. Bd2 Nbd7
9. f4 O-O 10. Nf3 b5 11. Nxb5 Qb6 12. Qc2 e6 13. dxe6 fxe6 14. e5 dxe5 15. fxe5
Nh5 16. Qxg6 Nf4 17. Qg4 h5 18. Qg3 a6 19. Bxf4 axb5 20. Bh6 Qa5+ 21. Bd2 Qc7
22. cxb5 Ra4 23. Bc3 Rg4 24. Qh3 Nxe5 25. Qxh5 Nxf3+ 26. gxf3 Bxc3+ 27. bxc3
Rg7 28. O-O-O Bb7 29. Bh3 Qf4+ 30. Kb2 Qc4 31. Qe5 Qxb5+ 32. Ka1 Bd5 33. Rhg1
Rxg1 34. Rxg1+ Kf7 35. Rg7+ Ke8 36. Qc7 1-0

[Event "International Tournament "]
[Site "Paracin, Hotel "]
[Date "2017.07.11"]
[Round "5.39"]
[White "Gajcin, Marina"]
[Black "Jevtic, Sreten"]
[Result "0-1"]
[WhiteElo "2282"]
[BlackElo "2196"]
[PlyCount "68"]
[EventDate "2017.07.07"]

1. e4 c6 2. Nf3 d5 3. Nc3 a6 4. d4 Bg4 5. Be3 e6 6. Bd3 Nf6 7. h3 Bh5 8. a3 Bg6
9. Nd2 c5 10. O-O dxe4 11. Ndxe4 cxd4 12. Bxd4 Nc6 13. Bxf6 gxf6 14. Qf3 Bg7
15. Rad1 O-O 16. Rfe1 Qe7 17. Qe3 Rfd8 18. Ng3 Qc7 19. h4 Bxd3 20. Rxd3 Rxd3
21. Qxd3 Rd8 22. Qe3 Rd4 23. h5 h6 24. Nce2 Rd5 25. c4 Re5 26. Qf4 Qb6 27. b4
Nd4 28. c5 Qd8 29. Kh2 f5 30. Qc1 Qh4+ 31. Kg1 f4 32. Nxd4 fxg3 33. fxg3 Rxe1+
34. Qxe1 Bxd4+ 0-1

[Event "International Tournament "]
[Site "Paracin, Hotel "]
[Date "2017.07.11"]
[Round "5.40"]
[White "Strugnell, Carl"]
[Black "Sukovic, Andrej"]
[Result "1/2-1/2"]
[WhiteElo "2271"]
[BlackElo "2150"]
[PlyCount "44"]
[EventDate "2017.07.07"]

1. e4 c5 2. Nf3 d6 3. Bb5+ Nd7 4. c3 a6 5. Ba4 b5 6. Bc2 e5 7. O-O Ngf6 8. d4
Be7 9. Nbd2 O-O 10. b3 Re8 11. a4 cxd4 12. cxd4 Bb7 13. axb5 axb5 14. Rxa8 Qxa8
15. d5 Rc8 16. Ne1 Bd8 17. Bb2 Ba5 18. f3 Qa7+ 19. Kh1 Qe3 20. Nb1 Ba6 21. Nd3
Nc5 22. Bc1 Qd4 1/2-1/2

[Event "International Tournament "]
[Site "Paracin, Hotel "]
[Date "2017.07.11"]
[Round "5.41"]
[White "Paradzik, Berislav"]
[Black "Trifunovic, Miroljub"]
[Result "1-0"]
[WhiteElo "2066"]
[BlackElo "2269"]
[PlyCount "81"]
[EventDate "2017.07.07"]

1. c4 e6 2. Nf3 Nf6 3. e3 d5 4. b3 Be7 5. Be2 O-O 6. O-O c5 7. Bb2 Nc6 8. cxd5
Nxd5 9. a3 Bf6 10. Qc2 Bxb2 11. Qxb2 b6 12. Rd1 Bb7 13. Nc3 Qf6 14. d4 Nxc3 15.
Qxc3 Rfd8 16. Rac1 cxd4 17. Nxd4 Nxd4 18. Rxd4 Rxd4 19. Qxd4 Qxd4 20. exd4 Bd5
21. b4 a5 22. bxa5 bxa5 23. Rc5 g6 24. f3 Ra7 25. Kf2 Kf8 26. Bc4 Bxc4 27. Rxc4
Ke7 28. a4 Kd6 29. Rc5 f6 30. Rb5 g5 31. g3 h6 32. h4 f5 33. hxg5 hxg5 34. g4
fxg4 35. fxg4 Ke7 36. Rxg5 Kf6 37. Re5 Rg7 38. Kf3 Rd7 39. Ke4 Ra7 40. g5+ Kf7
41. Kd3 1-0

[Event "International Tournament "]
[Site "Paracin, Hotel "]
[Date "2017.07.11"]
[Round "5.42"]
[White "Dogan, Mire Deniz"]
[Black "Banzea, Alexandru-Bogdan"]
[Result "0-1"]
[WhiteElo "2075"]
[BlackElo "2300"]
[PlyCount "46"]
[EventDate "2017.07.07"]

1. b4 e5 2. Bb2 Bxb4 3. Bxe5 Nf6 4. Nf3 Nc6 5. Bb2 d5 6. e3 O-O 7. c4 Bg4 8.
cxd5 Nxd5 9. Be2 Qe7 10. O-O Rad8 11. a3 Bd6 12. Nc3 Nxc3 13. Bxc3 Ne5 14. Nxe5
Bxe5 15. Bxe5 Bxe2 16. Qxe2 Qxe5 17. d4 Qe4 18. Qb2 f5 19. Qb1 Qd5 20. Qa2 Kf7
21. Qxd5+ Rxd5 22. Rab1 b6 23. Rb3 Rfd8 0-1

[Event "International Tournament "]
[Site "Paracin, Hotel "]
[Date "2017.07.11"]
[Round "5.43"]
[White "Popovic, Djordje D"]
[Black "Marholev, Dimitar"]
[Result "1-0"]
[WhiteElo "2258"]
[BlackElo "2177"]
[PlyCount "85"]
[EventDate "2017.07.07"]

1. Nf3 Nf6 2. g3 g6 3. Bg2 Bg7 4. O-O O-O 5. c4 d6 6. Nc3 c5 7. d3 Nc6 8. Bd2
Rb8 9. Rb1 a6 10. b3 b5 11. Ne1 Bd7 12. h3 Qc8 13. Kh2 b4 14. Ne4 Nxe4 15. dxe4
a5 16. Bc1 a4 17. Bb2 axb3 18. axb3 Bxb2 19. Rxb2 Ra8 20. f4 Ra5 21. Nc2 Nd4
22. Nxd4 cxd4 23. Qxd4 Rh5 24. h4 Bg4 25. Ra2 h6 26. Kg1 g5 27. hxg5 hxg5 28.
f5 f6 29. Ra7 Rh7 30. e3 Qe8 31. Rfa1 Qh5 32. Qd5+ Rff7 33. Kf2 Kg7 34. Rh1
Qxh1 35. Bxh1 Rxh1 36. Qe6 Rh2+ 37. Kg1 Rb2 38. Rxe7 Bh5 39. c5 dxc5 40. e5
Rb1+ 41. Kf2 fxe5 42. g4 Rxe7 43. f6+ 1-0

[Event "International Tournament "]
[Site "Paracin, Hotel "]
[Date "2017.07.11"]
[Round "5.44"]
[White "Peycheva, Gergana"]
[Black "Velikic, Adela"]
[Result "1/2-1/2"]
[WhiteElo "2161"]
[BlackElo "2256"]
[PlyCount "94"]
[EventDate "2017.07.07"]

1. d4 Nf6 2. c4 e6 3. Nc3 Bb4 4. e3 b6 5. Bd3 Bb7 6. f3 c5 7. a3 Bxc3+ 8. bxc3
Nc6 9. Ne2 Rc8 10. e4 d6 11. d5 Na5 12. O-O O-O 13. Nf4 Re8 14. Rf2 Ba6 15. Qf1
Nd7 16. Be2 Ne5 17. Nd3 Nexc4 18. Nb2 exd5 19. exd5 Qf6 20. Nxc4 Bxc4 21. Bxc4
Qxc3 22. Bd2 Qxc4 23. Bxa5 Qxf1+ 24. Kxf1 bxa5 25. Rb1 Re5 26. Rd2 Kf8 27. Rb5
Rc7 28. Rxa5 Rb7 29. Kf2 Ke7 30. Ra6 Kd7 31. g3 Re8 32. h4 Rc8 33. Rc2 Rcc7 34.
Ke2 Rb3 35. Rc4 Rb6 36. Ra5 Kc8 37. Re4 Rb2+ 38. Ke3 Rb3+ 39. Ke2 c4 40. Ra4
Rb2+ 41. Ke3 c3 42. Rec4 c2 43. Rxc7+ Kxc7 44. Rc4+ Kb6 45. Kd2 Rb3 46. Ke2 Kb5
47. Rxc2 Rxa3 1/2-1/2

[Event "International Tournament "]
[Site "Paracin, Hotel "]
[Date "2017.07.11"]
[Round "5.45"]
[White "Popovic, Aleksandar M"]
[Black "Tscharotschkin, Michael"]
[Result "1-0"]
[WhiteElo "2255"]
[BlackElo "2148"]
[PlyCount "83"]
[EventDate "2017.07.07"]

1. g3 d5 2. Bg2 c6 3. d3 Nf6 4. Nd2 g6 5. e4 dxe4 6. dxe4 Bg7 7. Ngf3 O-O 8.
O-O Qc7 9. Re1 e5 10. Nc4 Rd8 11. Qe2 Bg4 12. h3 Bxf3 13. Qxf3 Nbd7 14. Bd2 b5
15. Ba5 Nb6 16. Nd2 c5 17. Nf1 Qc6 18. Ne3 Rd6 19. b3 Re8 20. Rad1 Nc8 21. Bc3
Rxd1 22. Rxd1 Nd6 23. g4 Qa6 24. Nd5 Nxd5 25. Rxd5 b4 26. Bb2 Qxa2 27. Rxd6
Qxb2 28. Rd7 Qc1+ 29. Bf1 Rf8 30. Kg2 Qf4 31. Rxa7 f5 32. Qxf4 exf4 33. exf5
gxf5 34. g5 Bd4 35. Kf3 Kh8 36. h4 c4 37. Rd7 cxb3 38. cxb3 Bb6 39. Bc4 Re8 40.
Rb7 Bc5 41. h5 Bd6 42. g6 1-0

[Event "International Tournament "]
[Site "Paracin, Hotel "]
[Date "2017.07.11"]
[Round "5.46"]
[White "Mitev, Valentin"]
[Black "Yordanov, Lachezar"]
[Result "0-1"]
[WhiteElo "2149"]
[BlackElo "2246"]
[PlyCount "106"]
[EventDate "2017.07.07"]

1. Nf3 Nf6 2. c4 e6 3. Nc3 d5 4. e3 c5 5. cxd5 Nxd5 6. Bb5+ Bd7 7. Bxd7+ Qxd7
8. Ne5 Nxc3 9. bxc3 Qd5 10. Qa4+ Nd7 11. f4 f6 12. c4 Qd6 13. Nf3 Be7 14. O-O
O-O 15. Bb2 Nb6 16. Qc2 Rfd8 17. Rac1 Rac8 18. g4 Qd3 19. Kf2 Qxc2 20. Rxc2 Na4
21. Ba1 a6 22. g5 b5 23. h4 Kf7 24. Nh2 Nb6 25. cxb5 axb5 26. Ke2 h5 27. gxh6
gxh6 28. h5 Rd5 29. Ng4 Rxh5 30. Rcc1 Rg8 31. Rg1 Rh4 32. Nf2 Rxg1 33. Rxg1 Nd5
34. Kf3 Nb4 35. e4 Bd6 36. Ng4 h5 37. Nh6+ Ke8 38. Rg8+ Kd7 39. e5 fxe5 40.
Rg7+ Kc6 41. fxe5 Bf8 42. Rg6 Kd7 43. Ng8 Nd5 44. Nf6+ Nxf6 45. exf6 Rh1 46.
Be5 Rf1+ 47. Ke4 Bd6 48. Rg7+ Kc6 49. Rg5 Re1+ 50. Kf4 Bxe5+ 51. Rxe5 Rxe5 52.
Kxe5 Kd7 53. Kf4 Ke8 0-1

[Event "International Tournament "]
[Site "Paracin, Hotel "]
[Date "2017.07.11"]
[Round "5.47"]
[White "Cvetkovic, Nemanja"]
[Black "Dimitrijevic, Dusan"]
[Result "1-0"]
[WhiteElo "2244"]
[BlackElo "2138"]
[PlyCount "71"]
[EventDate "2017.07.07"]

1. d4 Nf6 2. c4 e6 3. Nf3 Bb4+ 4. Nbd2 O-O 5. g3 d5 6. Bg2 c6 7. O-O Nbd7 8.
Qc2 Re8 9. b3 b6 10. e4 dxe4 11. Nxe4 Bb7 12. Nxf6+ Nxf6 13. Bb2 Qe7 14. Ne5
Rac8 15. c5 bxc5 16. a3 Ba5 17. dxc5 Nd5 18. b4 Bc7 19. Qa4 f6 20. Nc4 a5 21.
Nxa5 Bxa5 22. bxa5 Qxc5 23. Bd4 Qd6 24. Rfc1 Ra8 25. Rab1 Reb8 26. Bf1 Nc7 27.
Bc5 Qe5 28. Rb3 Na6 29. Be3 c5 30. Rxb7 Rxb7 31. Bg2 Qc7 32. Qe4 Rab8 33. Qxe6+
Qf7 34. Qxa6 Ra7 35. Qd6 Qf8 36. Bd5+ 1-0

[Event "International Tournament "]
[Site "Paracin, Hotel "]
[Date "2017.07.11"]
[Round "5.48"]
[White "Jovanovic, Bojan P"]
[Black "Aleksic, Neven"]
[Result "1/2-1/2"]
[WhiteElo "2233"]
[BlackElo "2097"]
[PlyCount "86"]
[EventDate "2017.07.07"]

1. d4 Nf6 2. Nf3 e6 3. Bf4 c5 4. c3 d5 5. e3 Nc6 6. Nbd2 Bd6 7. Bg3 O-O 8. Bb5
a6 9. Bxc6 bxc6 10. Qa4 cxd4 11. cxd4 Rb8 12. Rb1 Rb5 13. b4 a5 14. a3 axb4 15.
axb4 Bxg3 16. hxg3 Qb6 17. Ne5 Bd7 18. g4 Qb7 19. Qc2 g6 20. g5 Ne8 21. Qd3 f5
22. gxf6 Rxf6 23. e4 Bc8 24. Qh3 h5 25. Qc3 Nd6 26. Qxc6 Qxc6 27. Nxc6 dxe4 28.
Ne7+ Kg7 29. Nxc8 Nxc8 30. Nxe4 Rf4 31. f3 Ne7 32. Nc3 Rb8 33. Ne2 Rf5 34. Kf2
Rfb5 35. Nf4 Rxb4 36. Rxb4 Rxb4 37. Re1 Nd5 38. Nxe6+ Kf6 39. g4 hxg4 40. fxg4
g5 41. Nxg5 Kxg5 42. Re5+ Kxg4 43. Rxd5 Kf4 1/2-1/2

[Event "International Tournament "]
[Site "Paracin, Hotel "]
[Date "2017.07.11"]
[Round "5.49"]
[White "Krstic, Milos"]
[Black "Kisic, Bozidar"]
[Result "1-0"]
[WhiteElo "2090"]
[BlackElo "2224"]
[PlyCount "68"]
[EventDate "2017.07.07"]

1. e4 g6 2. d4 Bg7 3. Nc3 d6 4. Be3 a6 5. Qd2 Nc6 6. f4 Nf6 7. Nf3 d5 8. e5 Ng4
9. O-O-O Nxe3 10. Qxe3 O-O 11. h3 f6 12. g4 fxe5 13. Nxe5 Nxe5 14. dxe5 e6 15.
Bg2 Qe7 16. Rhf1 c6 17. Na4 Bd7 18. Nb6 Rad8 19. c4 Be8 20. g5 d4 21. Rxd4 Qc5
22. Rd3 Qxe3+ 23. Rxe3 Rd4 24. Ref3 Rf7 25. h4 Rc7 26. Rd1 Rxd1+ 27. Kxd1 Bf8
28. Ke2 Bc5 29. Na4 Bd4 30. c5 Kf8 31. Rd3 Rd7 32. b4 Ke7 33. Nb6 Rd8 34. Nc4
Bg1 1-0

[Event "International Tournament "]
[Site "Paracin, Hotel "]
[Date "2017.07.11"]
[Round "5.50"]
[White "Uzumcu, Ahmet Utku"]
[Black "Bojicic, Andjela"]
[Result "0-1"]
[WhiteElo "2223"]
[BlackElo "2072"]
[PlyCount "75"]
[EventDate "2017.07.07"]

1. e4 c5 2. Nf3 d6 3. Bb5+ Bd7 4. Bxd7+ Qxd7 5. c4 Nc6 6. Nc3 g6 7. d4 cxd4 8.
Nxd4 Bg7 9. Be3 Nf6 10. f3 O-O 11. O-O a6 12. a4 e6 13. Nde2 Qc7 14. Rc1 Nd7
15. b3 Nc5 16. Rb1 Nb4 17. Qd2 Rad8 18. Rfd1 Rd7 19. Nd4 Rfd8 20. Nce2 a5 21.
Nb5 Qc8 22. Nf4 b6 23. Qf2 d5 24. exd5 exd5 25. cxd5 Nxd5 26. Nxd5 Rxd5 27.
Rxd5 Rxd5 28. Qc2 Qd7 29. Re1 h5 30. Na3 Rd3 31. Nc4 Qd8 32. Rb1 Bd4 33. Bxd4
Qxd4+ 34. Kf1 Rc3 35. Qe2 Nxb3 36. g3 Qxc4 37. Qxc4 Nd2+ 38. Ke2 0-1